Defining and measuring crime

Gespeichert in:  
Bibliographische Detailangaben
1. VerfasserIn: Mallicoat, Stacy L. (Verfasst von)
Medienart: Druck Aufsatz
Sprache:Englisch
Veröffentlicht: SAGE Publications 2016
In:Enthalten in: Crime and Criminal Justice: Concepts and Controversies 2016(2016), Seite 46-75
Verfügbarkeit prüfen: HBZ Gateway

MARC

LEADER 00000caa a22000002c 4500
001 1912507102
003 DE-627
005 20250115054942.0
007 tu
008 241217s2016 xx ||||| 00| ||eng c
035 |a (DE-627)1912507102 
035 |a (DE-599)KXP1912507102 
040 |a DE-627  |b ger  |c DE-627  |e rda 
041 |a eng 
084 |a 2,1  |2 ssgn 
100 1 |a Mallicoat, Stacy L.  |e VerfasserIn  |0 (DE-588)1047512424  |0 (DE-627)778495604  |0 (DE-576)187536805  |4 aut 
109 |a Mallicoat, Stacy L.  |a Mallicoat, Stacy Lynn 
245 1 0 |a Defining and measuring crime 
264 1 |b SAGE Publications  |c 2016 
336 |a Text  |b txt  |2 rdacontent 
337 |a ohne Hilfsmittel zu benutzen  |b n  |2 rdamedia 
338 |a Band  |b nc  |2 rdacarrier 
773 0 8 |i Enthalten in  |t Crime and Criminal Justice: Concepts and Controversies  |g 2016(2016), Seite 46-75 
773 1 8 |g volume:2016  |g year:2016  |g pages:46-75 
787 0 8 |i Forschungsdaten  |a United States Department of Justice. Federal Bureau of Investigation  |t Uniform Crime Reporting Program Data: Offenses Known and Clearances by Arrest, 2014  |d [Erscheinungsort nicht ermittelbar] : [Verlag nicht ermittelbar], 2016  |w (DE-627)1840044802 
787 0 8 |i Forschungsdaten  |a United States. Federal Bureau of Investigation  |t Uniform Crime Reporting Program Data: Arrests by Age, Sex, and Race, United States, 2014  |d [Erscheinungsort nicht ermittelbar] : [Verlag nicht ermittelbar], 2016  |w (DE-627)1840044586 
787 0 8 |i Forschungsdaten  |a United States Department of Justice. Federal Bureau of Investigation  |t Uniform Crime Reporting Program Data (United States): Arrests by Age, Sex, and Race, 2004  |d [Erscheinungsort nicht ermittelbar] : [Verlag nicht ermittelbar], 2006  |w (DE-627)184005767X 
787 0 8 |i Forschungsdaten  |a United States Department of Justice. Federal Bureau of Investigation  |t Uniform Crime Reporting Program Data (United States): Offenses Known and Clearances by Arrest, 2004  |d [Erscheinungsort nicht ermittelbar] : [Verlag nicht ermittelbar], 2006  |w (DE-627)184005865X 
787 0 8 |i Forschungsdaten  |a National Archive of Criminal Justice Data  |t National Incident-Based Reporting System, 2014: Extract Files  |d [Erscheinungsort nicht ermittelbar] : [Verlag nicht ermittelbar], 2016  |w (DE-627)1840041129 
935 |a mkri 
951 |a AR 
ELC |b 1 
LOK |0 000 xxxxxcx a22 zn 4500 
LOK |0 001 4637472601 
LOK |0 003 DE-627 
LOK |0 004 1912507102 
LOK |0 005 20241217044313 
LOK |0 008 241217||||||||||||||||ger||||||| 
LOK |0 035   |a (DE-2619)ICPSR122875 
LOK |0 040   |a DE-2619  |c DE-627  |d DE-2619 
LOK |0 092   |o n 
LOK |0 852   |a DE-2619 
LOK |0 852 1  |9 00 
LOK |0 935   |a uvkn  |a nacp 
LOK |0 939   |a 17-12-24  |b l01 
ORI |a SA-MARC-krimdoka001.raw